LEADER 01278nam--2200397---450- 001 990000332110203316 005 20050511151953.0 010 $a0-582-05639-X 035 $a0033211 035 $aUSA010033211 035 $a(ALEPH)000033211USA01 035 $a0033211 100 $a20010201d19961999km-y0itay0103----ba 101 0 $aeng 102 $aGB 105 $a||||||||001yy 200 1 $a<> corpus of formal british english speech$ethe Lancaster/IBM spoken english corpus$fedited by Gerry Knowles, Briony Williams, L. Taylor 210 $aLondon ; New York$cLongman$d1996 215 $a268 p.$d22 cm 606 $aLingua inglese$xAnalisi$xImpiego degli elaboratori elettronici 676 $a420.285 702 1$aKNOWLES,$bGerry 702 1$aWILLIAMS,$bBriony 702 1$aTAYLOR,$bL. 801 0$aIT$bsalbc$gISBD 912 $a990000332110203316 951 $aVII.3.D. 58(XII D 31)$b156093 L.M.$cXII D$d00069300 959 $aBK 969 $aUMA 979 $aTAMI$b40$c20010201$lUSA01$h1209 979 $aTAMI$b40$c20010201$lUSA01$h1215 979 $c20020403$lUSA01$h1641 979 $aPATRY$b90$c20040406$lUSA01$h1623 979 $aCOPAT3$b90$c20050511$lUSA01$h1519 996 $aCorpus of formal british english speech$9879622 997 $aUNISA LEADER 01665nas 2200505-a 450 001 9910136490903321 005 20260218111304.0 011 $a1969-6736 035 $a(CKB)110978984249116 035 $a(CONSER)sn-87020689- 035 $a(DE-599)ZDB2265533-5 035 $a(DE-599)2265533-5 035 $a(EXLCZ)99110978984249116 100 $a19870821a19839999 --- - 101 0 $afre 181 $ctxt$2rdacontent 182 $cc$2rdamedia 183 $acr$2rdacarrier 200 10$aAdolescence 210 $aParis $cEditions G.R.E.U.P.P.$d1983- 215 $a1 online resource 300 $aEach issue has also a distinctive title. 311 08$aPrint version: Adolescence (Paris, France) 0751-7696 (DLC)sn 87020689 (OCoLC)16521105 531 $aADOLESCENCE PARIS 606 $aAdolescent psychology$vPeriodicals 606 $aPsychology, Adolescent 606 $aAdolescents$xPsychologie$vPériodiques 606 $aAdolescents$xPsychologie 606 $aAdolescent psychology$2fast$3(OCoLC)fst00797018 606 $aHeranwachsender$xPsychotherapie$vAufsatzsammlung$2swd 606 $aPsychotherapie$xHeranwachsender$vAufsatzsammlung$2swd 608 $aPeriodical. 608 $aPeriodicals.$2fast 615 0$aAdolescent psychology 615 2$aPsychology, Adolescent. 615 6$aAdolescents$xPsychologie 615 6$aAdolescents$xPsychologie. 615 7$aAdolescent psychology. 615 7$aHeranwachsender$xPsychotherapie 615 7$aPsychotherapie$xHeranwachsender 906 $aJOURNAL 912 $a9910136490903321 920 $aexl_impl conversion 996 $aAdolescence$9802322 997 $aUNINA